000 00618nam a22001817a 4500
082 _a891.4391
_bNAW
100 _aNawab Mirza Lakhanawi
245 _aMasnawiat-e-Shoq/
_cNawab Mirza Lakhanawi
260 _aKarachi:
_bAnjuman Taraqqi Urdu,
_c1999.
300 _a406 p.
_c22cm.
563 _aHB.
650 _aPoetry - Urdu Literature.
_9129745
700 _a مرتبہ رشید حسن خاں
_9129750
880 _6100-01\(3\r
_aنواب مرزا لکھنوی
880 _6245-02\(03\r
_aمثنویات شوق
880 _6260-03\(03\r
_aکراچی
_bانجمن ترقی اردو
_c1999.
942 _2ddc
_cBK
999 _c614298
_d614298